[Event "Portoroz op 10th"]
[Site "Portoroz"]
[Date "2016.07.27"]
[Round "6"]
[White "Camana, Filippo"]
[Black "Stevanic, David"]
[Result "1/2-1/2"]
[WhiteElo "1884"]
[BlackElo "2123"]
[PlyCount "166"]
[EventDate "2016.07.23"]
[EventType "swiss"]
[EventRounds "9"]
[EventCountry "SLO"]
[SourceTitle "CBM 173 Extra"]
[Source "ChessBase"]
[SourceDate "2016.08.29"]
[SourceVersion "1"]
[SourceVersionDate "2016.08.29"]
[SourceQuality "1"]

1. e4 e5 2. Nf3 Nc6 3. Bc4 Bc5 4. c3 Nf6 5. d4 exd4 6. cxd4 Bb4+ 7. Bd2 Bxd2+ 8. Nbxd2 d5 9. exd5 Nxd5 10. Qb3 Nce7 11. 0-0 0-0 12. Rfe1 Nb6 13. Bd3 Ned5 14. Nc4 c6 15. Qc2 g6 16. Qd2 Qf6 17. Nxb6 Nxb6 18. Re4 Be6 19. Rh4 h5 20. Qh6 Qg7 21. Qg5 Rad8 22. Re1 Rd5 23. Qg3 Rfd8 24. Bxg6 Bg4 25. Be4 Bxf3 26. Qxf3 Rg5 27. Rxh5 Rxh5 28. Qxh5 Nd7 29. Qh4 Nf6 30. Bc2 Kf8 31. d5 cxd5 32. Qb4+ Kg8 33. Qxb7 Qg5 34. Qc7 Rf8 35. Qg3 Qxg3 36. fxg3 Rd8 37. Kf1 d4 38. Ke2 Nd5 39. Be4 Re8 40. Kf3 Nf6 41. Re2 Kg7 42. Bd3 Rd8 43. Re5 Rd6 44. Re7 Nd7 45. Ke2 Kf6 46. Re4 Nc5 47. Rf4+ Ke7 48. h4 Ne6 49. Rf5 Ng7 50. Ra5 Rd7 51. g4 Ne6 52. g3 Nd8 53. Ra4 Kf6 54. g5+ Kg7 55. Kf3 Ne6 56. Ra5 Rc7 57. h5 Nc5 58. Ke2 a6 59. Bxa6 Nxa6 60. Rxa6 Rc2+ 61. Kd3 Rxb2 62. Kxd4 Rg2 63. Ra7 Kg8 64. Ra3 Rh2 65. g4 Rg2 66. Ke5 Rxg4 67. Kf5 Rg1 68. Rf3 Rg2 69. a4 Ra2 70. Rf4 Ra1 71. Kf6 Rc1 72. Rf5 Re1 73. Re5 Rf1+ 74. Ke7 Kg7 75. Kd6 Rh1 76. h6+ Kg6 77. a5 f6 78. gxf6 Kxf6 79. Re6+ Kf7 80. h7 Kg7 81. Re7+ Kh8 82. Kc6 Rc1+ 83. Kb7 Rc7+ 1/2-1/2

[Event "Portoroz op 10th"]
[Site "Portoroz"]
[Date "2016.07.24"]
[Round "2"]
[White "Camana, Filippo"]
[Black "Skrbec, Leon"]
[Result "1-0"]
[WhiteElo "1884"]
[BlackElo "1426"]
[PlyCount "144"]
[EventDate "2016.07.23"]
[EventType "swiss"]
[EventRounds "9"]
[EventCountry "SLO"]
[SourceTitle "CBM 173 Extra"]
[Source "ChessBase"]
[SourceDate "2016.08.29"]
[SourceVersion "1"]
[SourceVersionDate "2016.08.29"]
[SourceQuality "1"]

1. e4 c6 2. c4 d5 3. cxd5 cxd5 4. d4 e6 5. Nc3 Nf6 6. exd5 exd5 7. Bg5 Bb4 8. Bb5+ Nc6 9. Rc1 0-0 10. Bxc6 bxc6 11. Nge2 Re8 12. 0-0 Ba6 13. Re1 Bxe2 14. Rxe2 Be7 15. Qa4 Qb6 16. Rce1 Bd6 17. Bxf6 Rxe2 18. Rxe2 gxf6 19. Qd1 Bf4 20. Rc2 Bh6 21. Na4 Qb7 22. Nc5 Qc7 23. Qg4+ Bg7 24. Rc3 Re8 25. Kf1 Kh8 26. Qh5 h6 27. Nb3 Qe7 28. Re3 Qf8 29. Qe2 Rxe3 30. Qxe3 Kg8 31. Qc3 Qd6 32. g3 Bf8 33. Qa5 Qb8 34. Qc3 Qb5+ 35. Kg2 Bb4 36. Qe3 Kg7 37. Qf3 a5 38. Qg4+ Kh7 39. Qf5+ Kg7 40. Qc2 a4 41. Nc1 Bd6 42. Ne2 Qc4 43. Qxc4 dxc4 44. a3 c5 45. dxc5 Bxc5 46. Nc3 f5 47. Nxa4 Bd4 48. Nc3 Kf6 49. a4 Ke5 50. a5 Bc5 51. a6 Kd4 52. Nb5+ Kd3 53. a7 Bxa7 54. Nxa7 Kc2 55. Nb5 Kxb2 56. Kf3 Kb3 57. Ke3 Kb4 58. Nd4 Kc3 59. Nxf5 Kb2 60. Nd4 c3 61. g4 c2 62. Nxc2 Kxc2 63. h4 Kc3 64. g5 h5 65. f4 Kc4 66. Ke4 Kc5 67. Ke5 Kc6 68. Kf6 Kd6 69. Kxf7 Kd5 70. g6 Ke4 71. g7 Kxf4 72. g8Q Ke4 1-0

[Event "Portoroz op 10th"]
[Site "Portoroz"]
[Date "2016.07.24"]
[Round "3"]
[White "Deglmann, Ludwig"]
[Black "Camana, Filippo"]
[Result "1-0"]
[WhiteElo "2311"]
[BlackElo "1884"]
[PlyCount "43"]
[EventDate "2016.07.23"]
[EventType "swiss"]
[EventRounds "9"]
[EventCountry "SLO"]
[SourceTitle "CBM 173 Extra"]
[Source "ChessBase"]
[SourceDate "2016.08.29"]
[SourceVersion "1"]
[SourceVersionDate "2016.08.29"]
[SourceQuality "1"]

1. c4 e5 2. g3 Nc6 3. Bg2 g6 4. Nc3 Bg7 5. e4 d6 6. Nge2 Nge7 7. d3 0-0 8. 0-0 Be6 9. Nd5 Qd7 10. Be3 Nd8 11. d4 exd4 12. Nxd4 Nxd5 13. exd5 Bh3 14. Qd2 Bxg2 15. Kxg2 Re8 16. Rae1 c5 17. Nf3 b5 18. b3 bxc4 19. bxc4 Qa4 20. Bh6 Nb7 21. Bxg7 Kxg7 22. Qb2+ 1-0

[Event "Portoroz op 10th"]
[Site "Portoroz"]
[Date "2016.07.23"]
[Round "1"]
[White "Jerez Perez, Alfonso"]
[Black "Camana, Filippo"]
[Result "1-0"]
[WhiteElo "2384"]
[BlackElo "1884"]
[PlyCount "63"]
[EventDate "2016.07.23"]
[EventType "swiss"]
[EventRounds "9"]
[EventCountry "SLO"]
[SourceTitle "CBM 173 Extra"]
[Source "ChessBase"]
[SourceDate "2016.08.29"]
[SourceVersion "1"]
[SourceVersionDate "2016.08.29"]
[SourceQuality "1"]

1. e4 c5 2. Nf3 e6 3. c3 d5 4. exd5 exd5 5. d4 Bg4 6. Bb5+ Nc6 7. 0-0 c4 8. h3 Bxf3 9. Qxf3 Bd6 10. b3 cxb3 11. axb3 Nge7 12. Nd2 0-0 13. Bd3 Qb6 14. Qh5 g6 15. Qf3 Rac8 16. Bb2 Na5 17. b4 Nac6 18. Nb3 a6 19. Nc5 Qc7 20. Bc1 Bxc5 21. bxc5 f6 22. Bf4 Qd7 23. Rab1 Nd8 24. Rfe1 Ne6 25. Bd6 Rce8 26. h4 Rf7 27. Re2 Ng7 28. Rbe1 Nc8 29. Qxd5 Rxe2 30. Rxe2 Nxd6 31. cxd6 Ne8 32. Re7 1-0

[Event "Nova Gorica op 21st"]
[Site "Nova Gorica"]
[Date "2016.02.01"]
[Round "6"]
[White "Camana, Filippo"]
[Black "Spalir, Jernej"]
[Result "0-1"]
[WhiteElo "1795"]
[BlackElo "2329"]
[PlyCount "50"]
[EventDate "2016.01.29"]
[EventType "swiss"]
[EventRounds "9"]
[EventCountry "SLO"]
[SourceTitle "CBM 170 Extra"]
[Source "ChessBase"]
[SourceDate "2016.02.25"]
[SourceVersion "1"]
[SourceVersionDate "2016.02.25"]
[SourceQuality "1"]

1. e4 c5 2. Nc3 a6 3. Nge2 e6 4. g3 b5 5. Bg2 Bb7 6. d3 g6 7. Be3 d6 8. Qd2 Bg7 9. 0-0 Nc6 10. f4 Nd4 11. g4 Ne7 12. Ng3 Qd7 13. Nd1 f5 14. c3 Ndc6 15. h3 0-0 16. Nf2 b4 17. Rab1 Rab8 18. h4 Bf6 19. h5 bxc3 20. bxc3 Bh4 21. Ngh1 gxh5 22. gxh5 e5 23. Bh3 exf4 24. Bxf4 Ne5 25. Ng3 Nf3+ 0-1

[Event "Nova Gorica op 21st"]
[Site "Nova Gorica"]
[Date "2016.01.29"]
[Round "1"]
[White "Unuk, Laura"]
[Black "Camana, Filippo"]
[Result "1-0"]
[WhiteElo "2246"]
[BlackElo "1795"]
[PlyCount "77"]
[EventDate "2016.01.29"]
[EventType "swiss"]
[EventRounds "9"]
[EventCountry "SLO"]
[SourceTitle "CBM 170 Extra"]
[Source "ChessBase"]
[SourceDate "2016.02.25"]
[SourceVersion "1"]
[SourceVersionDate "2016.02.25"]
[SourceQuality "1"]

1. d4 d5 2. c4 c6 3. Nf3 Nf6 4. e3 Bf5 5. Nc3 e6 6. Nh4 Bg4 7. Qb3 Qc7 8. h3 Bh5 9. g4 Bg6 10. Nxg6 hxg6 11. Bg2 Nbd7 12. cxd5 exd5 13. Bd2 Bd6 14. Rc1 Qb6 15. Qc2 Nf8 16. g5 N6d7 17. 0-0 Ne6 18. f4 a6 19. Be1 Qa7 20. h4 Nb6 21. Bh3 Nc4 22. Bf2 Nc7 23. b3 Na3 24. Qd3 Nab5 25. f5 gxf5 26. Qxf5 0-0 27. a4 Nxc3 28. Rxc3 Rae8 29. Kh1 Ne6 30. h5 Qb8 31. Rg1 Qd8 32. Bf1 Bb4 33. Bd3 g6 34. hxg6 fxg6 35. Qxg6+ Ng7 36. Rc2 Qd7 37. Bg3 Qe6 38. Qh7+ Kf7 39. Rf2+ 1-0

[Event "ITA-ch U14"]
[Site "Courmayeur"]
[Date "2013.07.02"]
[Round "4"]
[White "Camana, Filippo"]
[Black "Yao, Stefano"]
[Result "0-1"]
[WhiteElo "1599"]
[BlackElo "1960"]
[PlyCount "74"]
[EventDate "2013.06.30"]
[EventType "swiss"]
[EventRounds "9"]
[EventCountry "ITA"]
[SourceTitle "EXT 2015"]
[Source "ChessBase"]
[SourceDate "2014.11.20"]
[SourceVersion "1"]
[SourceVersionDate "2014.11.20"]
[SourceQuality "1"]

1. e4 c5 2. Nc3 Nc6 3. g3 g6 4. Bg2 Bg7 5. d3 d6 6. f4 e6 7. Be3 Nge7 8. Nf3 Nd4 9. 0-0 0-0 10. Bxd4 cxd4 11. Ne2 Qb6 12. Rb1 d5 13. Kh1 dxe4 14. dxe4 Rd8 15. Qd2 Nc6 16. Rfd1 e5 17. fxe5 Nxe5 18. Nfxd4 Bg4 19. c3 Nf3 20. Qf4 Nxd4 21. Qxg4 h5 22. Qg5 Nxe2 23. Re1 Bf6 24. Qh6 Qc5 25. b4 Qe5 26. Qe3 Nxc3 27. Rbc1 Qd4 28. e5 Qxe3 29. Rxe3 Nxa2 30. Ra1 Bg5 31. Rb3 Nc1 32. Rf3 Rd1+ 33. Bf1 Re1 34. h4 Bh6 35. Kg2 Nd3 36. Ra5 Nxe5 37. Rf2 Ng4 0-1